Workmen's compensation and the protection of seamen. (Record no. 36563)

MARC details
000 -LEADER
fixed length control field 00956cam a22002651 4500
001 - CONTROL NUMBER
control field l 47000023
003 - CONTROL NUMBER IDENTIFIER
control field DLC
005 - DATE AND TIME OF LATEST TRANSACTION
control field 20260227111540.0
008 - FIXED-LENGTH DATA ELEMENTS--GENERAL INFORMATION
fixed length control field 790514s1946 dcu b f000 0 eng c
010 ## - LIBRARY OF CONGRESS CONTROL NUMBER
LC control number l 47000023
035 ## - SYSTEM CONTROL NUMBER
System control number (OCoLC)4960982
040 ## - CATALOGING SOURCE
Original cataloging agency U.S. Dept. of Labor. Libr.
Transcribing agency WMUW
Modifying agency WMUW
-- DLC
050 00 - LIBRARY OF CONGRESS CALL NUMBER
Classification number HD8051
Item number .A62 no. 869
082 ## - DEWEY DECIMAL CLASSIFICATION NUMBER
Classification number 331.825
100 1# - MAIN ENTRY--PERSONAL NAME
Personal name Zisman, Joseph,
Dates associated with a name 1901-
245 10 - TITLE STATEMENT
Title Workmen's compensation and the protection of seamen.
260 ## - PUBLICATION, DISTRIBUTION, ETC.
Place of publication, distribution, etc. Washington,
Name of publisher, distributor, etc. U.S. Govt. Print. Off.,
Date of publication, distribution, etc. 1946.
300 ## - PHYSICAL DESCRIPTION
Extent vii, 93 p.
Other physical details incl. tables.
Dimensions 23 cm.
490 0# - SERIES STATEMENT
Series statement U.S. Bureau of Labor Statistics. Bulletin
Volume/sequential designation no. 869
500 ## - GENERAL NOTE
General note At head of title: United States Dept. of Labor ... Bureau of Labor Statistics.
500 ## - GENERAL NOTE
General note "Prepared by Joseph Zisman."--Letter of transmittal.
650 #0 - SUBJECT ADDED ENTRY--TOPICAL TERM
Topical term or geographic name entry element Merchant mariners
Geographic subdivision United States.
650 #0 - SUBJECT ADDED ENTRY--TOPICAL TERM
Topical term or geographic name entry element Employers' liability
Geographic subdivision United States.
650 #0 - SUBJECT ADDED ENTRY--TOPICAL TERM
Topical term or geographic name entry element Maritime law
Geographic subdivision United States.

No items available.

Powered by Koha